000 00672nam a2200217Ia 4500
005 20260429112058.0
008 260429s9999||||xx |||||||||||||| ||und||
020 _a9781032667942
041 _aEnglish
082 _a338.9
_bMEH
100 _aMehta, Swati
245 0 _aInnovation systems, economic development and public policy :
_bsustainable options from emerging economies : essays in honour of Lakhwinder Singh /
_cSwati Mehta
250 _a1st ed.
260 _aLondon :
_bRoutledge,
_c2024.
300 _axxxii, 393 p.; hb
650 _a Development
650 _a Public policy
650 _aEconomic
700 _a Shergill, Baldev Singh
942 _cTB
999 _c52241
_d52241